Phương pháp tập duỗi người toàn diện Một chương trình tập luyện Thân - trí mới cho mọi tình trạng sức khỏe
Kaydedildi:
| Yazar: | |
|---|---|
| Materyal Türü: | Kitap |
| Baskı/Yayın Bilgisi: |
Tp. Hồ Chí Minh
Văn hóa
1997
|
| Konular: | |
| Etiketler: |
Etiketle
Etiket eklenmemiş, İlk siz ekleyin!
|
| Thư viện lưu trữ: | Trung tâm Học liệu Lê Vũ Hùng, Trường Đại học Đồng Tháp |
|---|
| LEADER | 00987pam a22002658a 4500 | ||
|---|---|---|---|
| 001 | 00043283 | ||
| 005 | 20181123081152.0 | ||
| 008 | 110318s1997 ||||||Viesd | ||
| 020 | # | # | |c 15000 |
| 041 | 0 | # | |a Vie |
| 082 | 1 | 4 | |a 615.8 |b PH561PH |
| 100 | 1 | # | |a Lê, Bình Phương |e Biên dịch |
| 245 | 0 | 0 | |a Phương pháp tập duỗi người toàn diện |c Lê Bình Phương |b Một chương trình tập luyện Thân - trí mới cho mọi tình trạng sức khỏe |
| 260 | # | # | |a Tp. Hồ Chí Minh |b Văn hóa |c 1997 |
| 300 | # | # | |a 125 tr. |c 27 cm. |
| 500 | # | # | |a ĐTTS ghi: Khoa học Mỹ Dung - thể dục thư giản |
| 653 | # | # | |a Duỗi người |
| 653 | # | # | |a Phương Pháp |
| 653 | # | # | |a Thể dục |
| 653 | # | # | |a Vật lý trị liệu |
| 653 | # | # | |a Y tế |
| 653 | # | # | |a y học |
| 852 | # | # | |j KD.0025071 |
| 910 | 0 | # | |d 23/11/2018 |
| 980 | # | # | |a Trung tâm Học liệu Lê Vũ Hùng, Trường Đại học Đồng Tháp |